000 00432nam a2200157Ia 4500
008 230312s9999||||xx |||||||||||||| ||und||
020 _a1-4398-5622-2
082 _a333.7932
_bKER-D
100 _aKersting;William.H
245 0 _aDistribution System Modeling and Analysis
260 _bCRC Press
_aFrance
_c2012
300 _a439
546 _aEng.
650 _aEngineering
_vDistribution System Modeling and Analysis
942 _cBK
999 _c7379
_d7379